000 00566nam a2200205Ia 4500
003 GCL
008 140319s9999 xx 000 0 eng d
040 _aGCL /
_cGCL
082 0 4 _a690.0285
_bC C
100 1 _aBALAKRISHANA, V. K.
245 1 0 _aCOMPUTER SPREADSHEET APPLICATIONS IN BUILDING SURVEYING /
_cBALAKRISHANA, V. K.
700 1 _aCOOK, B.
260 _a[S.N] :
_bMACMILLAN ،
_c1985
300 _a127 P
650 0 4 _aSPREAD SHEETS
650 0 4 _aEDUCATION
650 0 4 _aDATA PROCESSING
650 0 4 _aCONSTRUCTION INDUSTRY MANAGEME
942 _2ddc
_cBK
999 _c24147
_d24147